Las piadosas /

Guardado en:
Autor Principal: Andahazi, Federico
Formato: Libro
Publicado: Buenos Aires : Sudamericana, 1998
Materias:
Etiquetas: Agregar Etiqueta
Sin Etiquetas, Sea el primero en etiquetar este registro!
LEADER 00571nam a22002055a 4500
001 CEM.cems016966
005 20110928100416.0
008 130507s1998##################000#0#####d
003 CEMS
020 |a 9500714582 
082 0 4 |a A863.4 
100 1 |a Andahazi, Federico 
245 1 0 |a Las piadosas /  |c Federico Andahazi 
260 |a Buenos Aires :  |b Sudamericana,  |c 1998 
300 |a 222 p. 
653 |a Novelas argentinas-siglo 20 
653 |a Novelas 
653 |a Literatura argentina 
653 |a Literatura 
859 |a CEMS  |b BIB. CEMS - Agricultura  |h A863.4  |i An224  |p A0052.00  |t Ej.1